<?xml version="1.0" encoding="UTF-8"?>
<marc:record xmlns:marc="http://www.loc.gov/MARC21/slim">
   <marc:leader>00000nam a2200000 a 4500</marc:leader>
   <marc:datafield ind1="1" ind2=" " tag="100">
      <marc:subfield code="a">Márquez, Gabriel García</marc:subfield>
      <marc:subfield code="4">aut</marc:subfield>
      <marc:subfield code="e">Verfasser/-in</marc:subfield>
   </marc:datafield>
   <marc:datafield ind1="0" ind2="0" tag="245">
      <marc:subfield code="a">The General in His Labyrinth</marc:subfield>
   </marc:datafield>
   <marc:datafield ind1="0" ind2="0" tag="245">
      <marc:subfield code="c">Márquez, Gabriel García</marc:subfield>
   </marc:datafield>
   <marc:datafield ind1=" " ind2="1" tag="264">
      <marc:subfield code="a">London, England</marc:subfield>
      <marc:subfield code="b">British Library</marc:subfield>
      <marc:subfield code="c">1991</marc:subfield>
   </marc:datafield>
   <marc:datafield ind1=" " ind2=" " tag="250">
      <marc:subfield code="a">1. Auflage</marc:subfield>
   </marc:datafield>
   <marc:datafield ind1="1" ind2=" " tag="520">
      <marc:subfield code="a">'It was the fourth time he had travelled along the Magdalena, and he could not escape the impression that he was retracing the steps of his life.' At the age of forty-six General Simon Bolivar, who drove the Spanish from his lands and became the Liberator of South America, takes himself into exile. He makes a final journey down the Magdalene River, revisiting the cities along its shores, reliving the triumphs, passions and betrayals of his youth. Consumed by the memories of what he has done and what he failed to do, Bolivar hopes to see a way out of the labyrinth in which he has lived all his life...</marc:subfield>
   </marc:datafield>
   <marc:datafield ind1=" " ind2=" " tag="020">
      <marc:subfield code="a">9780224030830</marc:subfield>
      <marc:subfield code="9">9780224030830</marc:subfield>
   </marc:datafield>
   <marc:datafield ind1=" " ind2=" " tag="338">
      <marc:subfield code="a">Band</marc:subfield>
   </marc:datafield>
   <marc:datafield ind1=" " ind2=" " tag="300">
      <marc:subfield code="a">258 Seiten</marc:subfield>
   </marc:datafield>
</marc:record>
